Tomorrow's teachers : (Record no. 16692)

000 -LEADER
fixed length control field 01672cam a2200385 a 4500
001 - CONTROL NUMBER
control field 16266875
005 - DATE AND TIME OF LATEST TRANSACTION
control field 20161116120836.0
008 - FIXED-LENGTH DATA ELEMENTS--GENERAL INFORMATION
fixed length control field 100604s2011 paua j b 001 0 eng
010 ## - LIBRARY OF CONGRESS CONTROL NUMBER
LC control number 2010021832
020 ## - INTERNATIONAL STANDARD BOOK NUMBER
International Standard Book Number 9781422218235 (hardcover)
020 ## - INTERNATIONAL STANDARD BOOK NUMBER
International Standard Book Number 1422218236 (hardcover)
020 ## - INTERNATIONAL STANDARD BOOK NUMBER
International Standard Book Number 9781422220443 (ppb)
020 ## - INTERNATIONAL STANDARD BOOK NUMBER
International Standard Book Number 1422220443 (ppb)
020 ## - INTERNATIONAL STANDARD BOOK NUMBER
Canceled/invalid ISBN 9781422218112 (series)
020 ## - INTERNATIONAL STANDARD BOOK NUMBER
Canceled/invalid ISBN 9781422220320 (series ppb)
035 ## - SYSTEM CONTROL NUMBER
System control number (OCoLC)ocn607975066
037 ## - SOURCE OF ACQUISITION
Stock number 1318108
Source of stock number/acquisition QBI
040 ## - CATALOGING SOURCE
Original cataloging agency DLC
Transcribing agency DLC
Modifying agency QBX
-- BTCTA
-- ON8
-- DLC
050 00 - LIBRARY OF CONGRESS CALL NUMBER
Classification number LB1775
Item number .M55 2011
082 00 - DEWEY DECIMAL CLASSIFICATION NUMBER
Classification number 371.1/0023
Edition number 22
100 1# - MAIN ENTRY--PERSONAL NAME
Personal name Miller, Malinda,
Dates associated with a name 1979-
245 10 - TITLE STATEMENT
Title Tomorrow's teachers :
Remainder of title urban leadership, empowering students & improving lives /
Statement of responsibility, etc. by Malinda Miller.
246 30 - VARYING FORM OF TITLE
Title proper/short title Urban leadership, empowering students & improving lives
246 3# - VARYING FORM OF TITLE
Title proper/short title Urban leadership, empowering students and improving lives
260 ## - PUBLICATION, DISTRIBUTION, ETC. (IMPRINT)
Place of publication, distribution, etc. Broomall, Pa. :
Name of publisher, distributor, etc. Mason Crest Publishers,
Date of publication, distribution, etc. c2011.
300 ## - PHYSICAL DESCRIPTION
Extent 64 p. :
Other physical details col. ill. ;
Dimensions 24 cm.
490 1# - SERIES STATEMENT
Series statement New careers for the 21st century : finding your role in the global renewal
504 ## - BIBLIOGRAPHY, ETC. NOTE
Bibliography, etc Includes bibliographical references (p. 59-61) and index.
650 #0 - SUBJECT ADDED ENTRY--TOPICAL TERM
Topical term or geographic name as entry element Teaching
General subdivision Vocational guidance
Form subdivision Juvenile literature.
650 #0 - SUBJECT ADDED ENTRY--TOPICAL TERM
Topical term or geographic name as entry element Effective teaching
Form subdivision Juvenile literature.
650 #0 - SUBJECT ADDED ENTRY--TOPICAL TERM
Topical term or geographic name as entry element Academic achievement
Form subdivision Juvenile literature.
830 #0 - SERIES ADDED ENTRY--UNIFORM TITLE
Uniform title New careers for the 21st century.
906 ## - LOCAL DATA ELEMENT F, LDF (RLIN)
a 7
b cbc
c orignew
d 1
e ecip
f 20
g y-gencatlg
942 ## - ADDED ENTRY ELEMENTS (KOHA)
Source of classification or shelving scheme
Koha item type Hard Covered Materials
Classification part LB1775 .M55 2011
Holdings
Withdrawn status Lost status Source of classification or shelving scheme Damaged status Not for loan Home library Current library Shelving location Date acquired Source of acquisition Total Checkouts Full call number Barcode Date last seen Price effective from Koha item type
          MACHAKOS UNIVERSITY LIBRARY MACHAKOS UNIVERSITY LIBRARY Technical section 16/11/2016 Donation (BFA)   LB1775 .M55 2011 28020 08/06/2018 16/11/2016 Hard Covered Materials
© Machakos University Library, Along The Highway, Machakos Wote Rd, Machakos, Kenya P.O. Box 136 - 90100 Machakos - Kenya

Tel: ( +254 ) 723 805829 OR Fax : 044-20353 OR Email: library@mksu.ac.ke